| 000 | 00696nam a2200241Ia 4500 | ||
|---|---|---|---|
| 005 | 20260430150710.0 | ||
| 008 | 008 250103s9999 xx 000 0 eng d | ||
| 037 | _aTheses | ||
| 040 | _aCRL | ||
| 040 | _beng | ||
| 040 | _ceng | ||
| 041 | _2eng | ||
| 041 | _aeng | ||
| 084 | _qCRL | ||
| 100 |
_aTanwar Deepika Au.; Umesh Kumar Gu. _91238247 |
||
| 245 | 0 | _aDesign and Synthesis of Ni(II) and Pd(II) Complexes Bearing ONS/NNS Donor Ligands for their Anticancer and Catalytic Evaluations | |
| 260 | _c2024 | ||
| 300 | _a302p. | ||
| 650 | _aChemistry | ||
| 700 |
_aUniversity of Delhi. Faculty of Science. Deptt. of Chemistry _91236464 |
||
| 942 | _cTH | ||
| 999 |
_c1850418 _d1850418 |
||